| 000 | 01082 a2200229 4500 | ||
|---|---|---|---|
| 003 | Nust | ||
| 005 | 20221123125422.0 | ||
| 010 | _a 89026630 | ||
| 020 | _a0008040494 : | ||
| 020 | _a0008040494 : | ||
| 040 | _cNust | ||
| 082 | 0 | 0 | _a621.3813,FUL |
| 100 | 2 |
_aBaden Fuller, A. J. _9103416 |
|
| 245 | 1 | 0 |
_aMicrowaves : _ban introduction to microwave theory and techniques / _cA.J. Baden Fuller. |
| 250 | _a3rd ed. | ||
| 260 |
_aOxford [England] ; _aNew York : _bPergamon Press, _c1990. |
||
| 300 |
_axii, 310 p. : _bill. ; _c24 cm. |
||
| 505 | _aTransmission Lines (Page-1), Electromagnetic Fields (Page-27), Waveguide Transmission (Page-51), Microwave Circuits (Page-73), Rectangular Waveguide (Page-93), Circular Waveguides (Page-123), Conducting Media (Page-153), Ferrite Media (Page-165), Plasma and Electro Beam (Page-187), Oscillators and Amplifier (Page-203), Waveguide Components (Page-225), Devices (Page-241), Ferrite Devices (Page-255), Measurement (Page-271). | ||
| 650 | 0 |
_aMicrowave devices. _928228 |
|
| 650 | 0 | _aTelecommunication Engineering | |
| 942 |
_2ddc _cBK |
||
| 999 |
_c181841 _d181841 |
||